[Event "CRO-chT"]
[Site "Medulin"]
[Date "1997.??.??"]
[Round "?"]
[White "Mandekic, Ivan"]
[Black "Zelic, Zdravko"]
[Result "0-1"]
[WhiteElo "2280"]
[BlackElo "2365"]

1.d4 Nf6 2.Nf3 e6 3.c4 b6 4.g3 Ba6 5.Qc2 c5 6.Bg2 Bb7 7.O-O cxd4 8.Nxd4 Bxg2
9.Kxg2 Qc7 10.f3 a6 11.e4 Be7 12.Be3 O-O 13.Nd2 Rc8 14.Qb3 d6 15.Rfc1 Nbd7
16.Qd1 Qb7 17.Bf2 Bf8 18.Qe2 Re8 19.Kg1 Rac8 20.Rab1 Ne5 21.Rc3 d5 22.a3 dxe4
23.Nxe4 Nxf3+ 24.Qxf3 Qxe4 25.Re1 Qxf3 26.Nxf3 Bc5 27.Bxc5 bxc5 28.Ne5 Red8
29.b4 Nd7 30.b5 Nxe5 31.Rxe5 Rd6 32.a4 a5 33.Re1 Kf8 34.Rb1 Rb8 35.Rb2 Ke7
36.Kf2 e5 37.Ke3 Rd4 38.Rbc2 Kd6 39.Rf2 Ke6 40.Rb2 Kd6 41.Rf2 Ke6 42.Rb2 Rb6
43.Rf2 f5 44.Rb2 g5 45.Rbc2 h5 46.Rd3 f4+ 47.gxf4 gxf4+ 48.Ke2 Rxd3 49.Kxd3 Kf5
50.Rd2 e4+ 51.Ke2 e3 52.Rd8 Re6 53.b6 Rxb6 54.Kf3 Re6 55.Rf8+ Kg6 56.Ke2 Kg5
57.Rg8+ Kf5  0-1

[Event "CRO-chT"]
[Site "Medulin"]
[Date "1997.??.??"]
[Round "?"]
[White "Loncar, Robert"]
[Black "Tukmakov, Vladimir B"]
[Result "0-1"]
[WhiteElo "2390"]
[BlackElo "2585"]

1.d4 Nf6 2.c4 e6 3.Nf3 b6 4.g3 Ba6 5.Nbd2 d5 6.Bg2 Be7 7.Qa4+ c6 8.Qc2 O-O
9.O-O Nbd7 10.b3 Rc8 11.Rd1 c5 12.Bb2 b5 13.b4 cxd4 14.c5 e5 15.Bh3 Qc7 16.Qb3 Rcd8
17.e3 Bc8 18.exd4 e4 19.Bxd7 Nxd7 20.Ne1 Nb8 21.Ng2 Bg5 22.f4 Bf6 23.Nf1 Be6
24.Nfe3 Qd7 25.a4 a6 26.axb5 axb5 27.Ra5 g6 28.Nc2 Rde8 29.Nge3 Bd8 30.Ra8 Nc6
31.Qa2 Bf6 32.Rxe8 Rxe8 33.Qa6 Rb8 34.Bc3 h5 35.Rf1 h4 36.f5 gxf5 37.g4 f4
38.Rxf4 Bg5 39.Rf2 Ne7 40.Bd2 h3 41.Qa2 Rd8 42.Nc4 Bh4 43.Ne5 Bxf2+ 44.Kxf2 Qe8
45.Bg5 Kg7 46.Bxe7 Qxe7 47.Qa3 Qh4+ 48.Qg3 Qxg3+ 49.Kxg3 Ra8 50.Ne3 Ra3 51.Kf4 Ra2
52.Kg3 Kf6 53.c6 Ke7 54.c7 Ra3 55.Kf4 Rc3 56.N5c4 Rxc4 57.Nxc4 bxc4  0-1

[Event "Metz op"]
[Site "Metz"]
[Date "1997.??.??"]
[Round "6"]
[White "Georgiev, Kiril"]
[Black "Spraggett, Kevin"]
[Result "1/2-1/2"]
[WhiteElo "2645"]
[BlackElo "2580"]

1.d4 Nf6 2.c4 e6 3.Nf3 b6 4.g3 Ba6 5.b3 Bb4+ 6.Bd2 Be7 7.Bg2 d5 8.cxd5 exd5
9.Nc3 O-O 10.O-O Bb7 11.Qc2 Na6 12.Rac1 Qc8 13.Ne5 Rd8 14.Rfe1 c5 15.Be3 cxd4
16.Bxd4 Ba3 17.Rcd1 Ne4 18.Nc4 Bb4 19.Nxe4 dxe4 20.Rf1 Qe6 21.Qb2 Bf8 22.Rd2 Rd7
23.Rfd1 Rad8 24.h4 Nb4 25.Kh2 Nc6 26.Bc3 b5 27.Bh3 f5 28.Ne3 g6 29.Qc2 Nb4
30.Qb2 Nd5 31.Nxd5 Rxd5 32.Rxd5 Rxd5 33.Rxd5 Qxd5 34.e3 a6 35.Bf1 Bc8 36.Bd4 Qc6
37.Be2 h5 38.Qd2 Kf7 39.Bb2 Be7 40.Qd1 Ke8 41.Kg1 Be6 42.Bf1 Qd6 43.Qc2 Qc5
44.Qd2 Qb4 45.Bc3 Qd6 46.Qc2 Qc6 47.Qb2 Qd6 48.Bd4 Bd7 49.Be2 Kf7 50.Kf1 Ke8
51.Bh8 Be6 52.Kg2 Bd5 53.a4 Bc6 54.Qc3 Qc5 55.Qg7 Qd6 56.Qg8+ Kd7 57.axb5 Bxb5
58.Bc4 Bxc4 59.Qxc4 Qc6 60.Qd4+ Ke8 61.Qa7 Qb5 62.Bd4 Qxb3 63.Qxa6 Kf7  1/2-1/2

[Event "Minsk op"]
[Site "Minsk"]
[Date "1997.??.??"]
[Round "6"]
[White "Rapoport, Igor"]
[Black "Brodsky, Michail"]
[Result "0-1"]
[WhiteElo "2335"]
[BlackElo "2515"]

1.d4 Nf6 2.Nf3 e6 3.c4 b6 4.g3 Ba6 5.Qa4 Bb7 6.Bg2 c5 7.O-O Be7 8.Nc3 O-O
9.Rd1 cxd4 10.Nxd4 Bxg2 11.Kxg2 Qc7 12.Ndb5 Qc6+ 13.f3 Rc8 14.Bf4 Ne8 15.Rac1 a6
16.Nd4 Qb7 17.Qb3 d6 18.Be3 Nd7 19.Ne4 Rab8 20.Nc2 b5 21.cxb5 axb5 22.Ne1 d5
23.Rxc8 Rxc8 24.Nc3 Nd6 25.Nc2 h6 26.a4 bxa4 27.Qxb7 Nxb7 28.Ra1 Nbc5 29.Kf2 Bf6
30.Ke1 Nb6 31.Bd4 Nb3 32.Rd1  0-1

[Event "Moscow-ch"]
[Site "Moscow"]
[Date "1997.??.??"]
[Round "7"]
[White "Kremenietsky, Anatoly M"]
[Black "Kostin, Mikhail Y"]
[Result "1-0"]
[WhiteElo "2410"]
[BlackElo "2185"]

1.d4 Nf6 2.c4 e6 3.Nf3 b6 4.g3 Ba6 5.Qa4 Bb7 6.Bg2 c5 7.O-O cxd4 8.Nxd4 Bxg2
9.Kxg2 Be7 10.Nc3 Qc7 11.f3 a6 12.Rd1 O-O 13.Bf4 d6 14.Ndb5 Qc5 15.Bxd6 Bxd6
16.Nxd6 Nbd7 17.Qc2 Ne5 18.Nce4 Nxe4 19.Qxe4 Ra7 20.b4  1-0

[Event "Moscow-ch"]
[Site "Moscow"]
[Date "1997.??.??"]
[Round "8"]
[White "Ramazan, Elshad"]
[Black "Abashev, Denis"]
[Result "1-0"]
[WhiteElo "2370"]
[BlackElo "2320"]

1.d4 Nf6 2.Nf3 e6 3.c4 b6 4.g3 Ba6 5.Qa4 c5 6.Bg2 Bb7 7.O-O cxd4 8.Nxd4 Bxg2
9.Kxg2 Qc8 10.Nc3 Qb7+ 11.Nf3 Be7 12.Bf4 O-O 13.Rad1 Rc8 14.Kg1 Na6 15.Bd6 Nc5
16.Qc2 Bxd6 17.Rxd6 Nce4 18.Nxe4 Nxe4 19.Rd4 d5 20.Qd3 Rxc4 21.Rxc4 dxc4
22.Qxc4 Rc8 23.Qa4 Nf6 24.Rd1 h6 25.Rd4 b5 26.Qb3 a5 27.Qa3 e5 28.Rd1 Qe4
29.Rd2 Qa8 30.Qe3 e4 31.Ne1 Ng4 32.Qf4 e3 33.fxe3 h5 34.Nc2 Qc6 35.Qf3 Qg6
36.e4 h4 37.Qf5 Qb6+ 38.e3 Rxc2 39.Rxc2 Qxe3+ 40.Kg2  1-0

[Event "NRW-Cup Masters op"]
[Site "Muenster"]
[Date "1997.??.??"]
[Round "5"]
[White "Schlecht, Daniel"]
[Black "Lingnau, Carsten"]
[Result "1/2-1/2"]
[WhiteElo "2270"]
[BlackElo "2425"]

1.d4 Nf6 2.c4 e6 3.Nf3 b6 4.g3 Ba6 5.b3 Bb4+ 6.Bd2 Be7 7.Bg2 c6 8.Bc3 d5
9.Ne5 Nfd7 10.Nxd7 Nxd7 11.Nd2 O-O 12.O-O Rc8 13.e4 b5 14.Re1 bxc4 15.bxc4 dxc4
16.Qa4 Bb5 17.Qc2 Re8 18.a4 Ba6 19.Rad1 Bf8 20.Nf3 Qc7 21.h4 h6 22.Bf1 Rb8
23.Bd2 Rb3 24.Kg2 Qb7 25.Bxc4 Bxc4 26.Qxc4 c5 27.Bc3 Ra3 28.Rb1 Qc6 29.a5 Ra4
30.Qb5  1/2-1/2

[Event "NRW-Cup Masters op"]
[Site "Muenster"]
[Date "1997.??.??"]
[Round "7"]
[White "Dydyshko, Viacheslav"]
[Black "Lau, Ralf"]
[Result "1/2-1/2"]
[WhiteElo "2490"]
[BlackElo "2495"]

1.d4 Nf6 2.c4 e6 3.Nf3 b6 4.g3 Ba6 5.b3 Bb7 6.Bg2 Bb4+ 7.Bd2 c5 8.O-O O-O
9.dxc5 Bxc5 10.Nc3 Na6 11.Bf4 Qe7 12.Ng5 Bxg2 13.Kxg2 Rfd8 14.Nge4  1/2-1/2

[Event "New York op"]
[Site "New York"]
[Date "1997.??.??"]
[Round "?"]
[White "Dlugy, Maxim"]
[Black "Epishin, Vladimir"]
[Result "1/2-1/2"]
[WhiteElo "2530"]
[BlackElo "2600"]

1.d4 Nf6 2.Nf3 e6 3.c4 b6 4.g3 Ba6 5.Qa4 Bb7 6.Bg2 g6 7.Nc3 Bg7 8.Qc2 O-O
9.O-O d5 10.cxd5 exd5 11.Rd1 Na6 12.Bg5 Qe8 13.Bxf6 Bxf6 14.a3 c6 15.e4 Nc7
16.e5 Bg7 17.b4 Qe7 18.Qb3 Rad8 19.Re1 Ne6 20.Rad1 c5 21.dxc5 bxc5 22.bxc5 Qxc5
23.Qxb7 Qxc3 24.Qxa7 d4 25.Rc1  1/2-1/2

[Event "JUG-chT"]
[Site "Niksic"]
[Date "1997.??.??"]
[Round "1"]
[White "Georgiev, Kiril"]
[Black "Komarov, Dimitri"]
[Result "1/2-1/2"]
[WhiteElo "2670"]
[BlackElo "2600"]

1.d4 Nf6 2.Nf3 e6 3.c4 b6 4.g3 Ba6 5.b3 Bb4+ 6.Bd2 Be7 7.Bg2 c6 8.Bc3 d5
9.Ne5 Nfd7 10.Nxd7 Nxd7 11.Nd2 O-O 12.O-O Rc8 13.e4 c5 14.exd5 exd5 15.dxc5 dxc4
16.c6 cxb3 17.Re1 b2 18.Bxb2 Nc5 19.Nc4 Bxc4 20.Qg4 Bg5 21.Qxc4 Nd3 22.Be5 Nxe1
23.Rxe1 Bf6 24.Bxf6 Qxf6 25.c7 Qd6 26.Rc1 b5 27.Qc2 g6 28.Bb7 b4 29.h4 h5
30.Kh2 a5 31.Kg2 Kg7 32.Qb2+ Kh7 33.Qc2 Kg7 34.Qc4 a4 35.Bxc8 Rxc8 36.Rc2 b3
37.axb3 axb3 38.Qxb3 Rxc7 39.Qb2+ Kh7 40.Rxc7  1/2-1/2

[Event "Nova Gorica op"]
[Site "Nova Gorica"]
[Date "1997.??.??"]
[Round "4"]
[White "Mikhalchishin, Adrian"]
[Black "Gulko, Boris F"]
[Result "1/2-1/2"]
[WhiteElo "2515"]
[BlackElo "2595"]

1.d4 e6 2.c4 Nf6 3.Nf3 b6 4.g3 Ba6 5.Qb3 Nc6 6.Bd2 Bb7 7.Nc3 Ne4 8.a3 Nxc3
9.Qxc3 Be7 10.Bg2 Bf6 11.e3 Kf8 12.Qb3  1/2-1/2

[Event "Nova Gorica op"]
[Site "Nova Gorica"]
[Date "1997.??.??"]
[Round "9"]
[White "Timoshenko, Georgy"]
[Black "Kogan, Artur"]
[Result "0-1"]
[WhiteElo "2510"]
[BlackElo "2515"]

1.d4 Nf6 2.c4 e6 3.Nf3 b6 4.g3 Ba6 5.b3 d5 6.Bg2 Bd6 7.O-O Nbd7 8.cxd5 exd5
9.Nc3 O-O 10.Re1 Re8 11.a3 Rc8 12.Bh3 c6 13.Bg5 Rc7 14.e4 dxe4 15.Nxe4 Be7
16.Bf4 Rb7 17.Neg5 Nd5 18.Qc2 Nf8 19.Bd2 Rc7 20.b4 Bc8 21.Bg2 h6 22.Ne4 Be6
23.h3 Ng6 24.Kh2 Qc8 25.Re2 Rd8 26.Rae1 Bf5 27.Qb3 Nf8 28.Ne5 Ne6 29.Be3 Bf8
30.Nc3 Nxe3 31.fxe3 Ng5 32.h4 Be6 33.Qa4 b5 34.Qc2 Nh7 35.Ne4 Bd5 36.Bh3 Qb8
37.Bf5 g6 38.Bh3 Bg7 39.Nc5 Re7 40.Ncd7 Qd6 41.e4 Be6 42.Bxe6 fxe6 43.Nxc6 Qxd7
44.e5 Nf8 45.Qe4 Rf7 46.Nxd8 Qxd8 47.Rc2 h5 48.Kg2 Rd7 49.Rd1 g5 50.Rc5 gxh4
51.gxh4 Bh6 52.Rd3 Kh8 53.d5 Ng6 54.Qxg6 Rg7 55.Qxg7+ Kxg7 56.Rg3+ Kh7 57.d6 Bf4
58.Rc7+ Kh6 59.Re7 Qa8+ 60.Rf3 Qg8+  0-1

[Event "RUS-Cup9"]
[Site "Novgorod"]
[Date "1997.??.??"]
[Round "5"]
[White "Gavrilov, Andrei"]
[Black "Pavlov, Aleksandr"]
[Result "1/2-1/2"]
[WhiteElo "2230"]
[BlackElo "2225"]

1.Nf3 Nf6 2.d4 e6 3.c4 b6 4.g3 Ba6 5.b3 Bb4+ 6.Bd2 Be7 7.Bg2 c6 8.Bc3 Ne4
9.Bb2 d5 10.Nbd2 Nxd2 11.Nxd2 Nd7 12.O-O b5 13.Qc2 O-O 14.c5 b4 15.Rfe1 f5
16.a3 bxa3 17.Rxa3 Qc8 18.e3 Qb7 19.Rea1 Bb5 20.Nb1 a6 21.Nc3 Nf6 22.f3 g5
23.Bc1 g4 24.f4 Rfb8 25.Bd2 Bd8 26.Nxb5 axb5 27.Qa2 Rxa3 28.Qxa3 Qc8 29.Qa6 Rb7
30.Ba5 Bxa5 31.Rxa5 Kf7 32.Qa8 Rb8 33.Qa6 Rb7 34.Ra2 Kg6 35.Qa5 Rb8 36.Kf2 h5
37.Ke2 Rb7 38.Kd2 Rb8 39.Qa6 Rb7 40.Qa8 Rb8 41.Qa6 Qc7 42.Qa7 Rb7 43.Qa8 h4
44.gxh4 Rb8 45.Qa7 Qxa7 46.Rxa7 Rh8 47.Re7 Rxh4 48.Ke2 Rxh2 49.Kf1 Rh7 50.Rxe6 Rc7
51.Ke2 Kf7 52.Re5 Ra7 53.Rxf5 Ra2+ 54.Kf1 Ra1+ 55.Kf2 Ra2+ 56.Kf1 Ra1+ 57.Kf2 Ra2+
58.Kf1  1/2-1/2

[Event "Coca Cola op"]
[Site "Olanesti"]
[Date "1997.??.??"]
[Round "5"]
[White "Itkis, Boris"]
[Black "Vajda, Albert"]
[Result "1/2-1/2"]
[WhiteElo "2495"]
[BlackElo "2405"]

1.d4 Nf6 2.Nf3 e6 3.c4 b6 4.g3 Ba6 5.Qb3 Nc6 6.Bd2 Bb7 7.Qd3 d5 8.cxd5 Qxd5
9.Nc3 Qd8 10.Bg5 Be7 11.Rd1 Nb4 12.Qb1 Bxf3 13.exf3 O-O 14.Bg2 Qd7 15.O-O Rfd8
16.Rfe1 Rac8 17.f4 c6 18.f5 exf5 19.d5 Nbxd5 20.Bxf6 Bxf6 21.Bxd5 Bxc3 22.Be6 Qc7
23.Bxc8 Bxe1 24.Bxf5 Rxd1 25.Qxd1 Bb4 26.Qd7  1/2-1/2

[Event "RUS-chT"]
[Site "Orel"]
[Date "1997.??.??"]
[Round "?"]
[White "Shtyrenkov, Veniamen"]
[Black "Shipov, Sergei"]
[Result "1/2-1/2"]
[WhiteElo "2455"]
[BlackElo "2540"]

1.d4 Nf6 2.Nf3 e6 3.c4 b6 4.g3 Ba6 5.Qb3 Bb7 6.Nc3 Nc6 7.Qc2 Nxd4 8.Nxd4 Bxh1
9.f3 c5 10.Nb3 d5 11.Bg5 Be7 12.O-O-O O-O  1/2-1/2

[Event "Orel"]
[Site "Orel"]
[Date "1997.??.??"]
[Round "?"]
[White "Kiselev, Sergey"]
[Black "Kalugin, Sergei"]
[Result "1-0"]
[WhiteElo "2485"]
[BlackElo "2255"]

1.d4 Nf6 2.Nf3 e6 3.c4 b6 4.g3 Ba6 5.b3 d5 6.cxd5 exd5 7.Bg2 Be7 8.O-O O-O
9.Nc3 c6 10.Ne5 Nfd7 11.Nd3 Bb7 12.b4 Nf6 13.Qb3 a5 14.b5 c5 15.dxc5 bxc5
16.Nf4 a4 17.Qc2 Qd7 18.Nfxd5 Nxd5 19.Bxd5 Bxd5 20.Rd1 Bf6 21.Rxd5 Qe6 22.Rd3 Nd7
23.Bf4 g5 24.Bc7 Rac8 25.Bd6 Rfe8 26.e3 Nb6 27.Rad1 Red8 28.e4 Nc4 29.e5 Nxe5
30.Bxe5 Rxd3 31.Rxd3 Bxe5 32.Re3 Qf6 33.Nd5 Qe6 34.Nb6 Qxb6 35.Rxe5 h6 36.Qf5 Rc7
37.Re8+ Kg7 38.Qe5+ f6 39.Qd5 Rf7 40.Qc4 a3 41.Rc8 h5 42.Rxc5 Re7 43.Kg2 Qb7+
44.Rc6 Re5 45.b6 Kh6 46.Kf1 Qe7 47.Qc3 Kg6 48.Qd3+ Kh6 49.Qf3 Re1+ 50.Kg2 g4
51.Qxf6+ Qxf6 52.Rxf6+ Kg5 53.Rc6 Re2 54.Rc5+ Kg6 55.b7 Rb2 56.Ra5 Rxb7 57.Rxa3 Rb2
58.Ra5 Rc2 59.a3 Ra2 60.a4 Kh6 61.Ra8 Kh7 62.a5 Kg7 63.a6 Ra1 64.h3 Kh7 65.hxg4 hxg4
66.a7 Kg7  1-0

[Event "Orel"]
[Site "Orel"]
[Date "1997.??.??"]
[Round "?"]
[White "Savon, Vladimir A"]
[Black "Kalugin, Sergei"]
[Result "1/2-1/2"]
[WhiteElo "2445"]
[BlackElo "2255"]

1.d4 Nf6 2.c4 e6 3.Nf3 b6 4.g3 Ba6 5.b3 Bb4+ 6.Bd2 Be7 7.Nc3 c6 8.e4 d5 9.Qc2 dxe4
10.Nxe4 Bb7 11.Bd3 Nbd7 12.O-O Nxe4 13.Bxe4 Nf6 14.Ne5 Rc8 15.Bc3 Nxe4 16.Qxe4 O-O
17.Rad1 Qc7 18.Rd2 Rcd8 19.Rfd1 Rfe8 20.Qe2 Bf8 21.b4 f6 22.Ng4 Qf7 23.c5 Ra8
24.Ne3 a5 25.bxa5 bxa5 26.Qf3 a4 27.Nc4 Rab8 28.Nb6 Qc7  1/2-1/2

[Event "RUS-chT"]
[Site "Orel"]
[Date "1997.??.??"]
[Round "?"]
[White "Shipov, Sergei"]
[Black "Brodsky, Michail"]
[Result "1/2-1/2"]
[WhiteElo "2540"]
[BlackElo "2515"]

1.d4 Nf6 2.c4 e6 3.Nf3 b6 4.g3 Ba6 5.b3 Bb4+ 6.Bd2 Be7 7.Bg2 c6 8.Bc3 d5
9.Ne5 Nfd7 10.Nxd7 Nxd7 11.Nd2 O-O 12.O-O Rc8 13.e4 c5 14.exd5 exd5 15.dxc5 dxc4
16.c6 cxb3 17.Re1 b2 18.Bxb2 Nc5 19.Nc4 Bxc4 20.Qg4 Bg5 21.Qxc4 Nd3  1/2-1/2

[Event "Ozery op1 Seniors"]
[Site "Ozery"]
[Date "1997.??.??"]
[Round "2"]
[White "Rutman, A."]
[Black "Sorokin, B."]
[Result "1-0"]
[WhiteElo "2315"]
[BlackElo "2135"]

1.d4 Nf6 2.c4 e6 3.Nf3 b6 4.g3 Ba6 5.b3 d5 6.Bg2 Bb4+ 7.Bd2 Bxd2+ 8.Nbxd2 Nbd7
9.O-O O-O 10.Re1 Bb7 11.Rc1 c5 12.cxd5 Nxd5 13.Nc4 cxd4 14.Qxd4 Nc5 15.Na5 Ba6
16.Nc6 Qd6 17.b4 Qxc6 18.bxc5 Rac8 19.Ne5 Qc7 20.c6 Rcd8 21.Nd7 Rfe8 22.Bxd5 exd5
23.Qxd5 Bxe2 24.Rc3 Bg4 25.Rce3 Rxe3 26.Rxe3 Be6 27.Rxe6 fxe6 28.Qxe6+ Kh8
29.Ne5 Rd1+ 30.Kg2 g6 31.Nd7 Qd6 32.Qe8+ Kg7 33.Ne5 Qc7 34.Kh3 Rd8 35.Qe6 Rd6
36.Qe8 Rf6 37.f4 Qd6 38.Qa8 Qe6+ 39.Kg2 Qxa2+ 40.Kh3 Qe6+ 41.Kg2 Qe7 42.Qb7 Re6
43.c7  1-0

[Event "Ozery op2 Seniors"]
[Site "Ozery"]
[Date "1997.??.??"]
[Round "4"]
[White "Zhelesny, Stanislav"]
[Black "Semasev, Kim"]
[Result "1/2-1/2"]
[WhiteElo "2300"]
[BlackElo "2285"]

1.d4 Nf6 2.c4 e6 3.Nf3 b6 4.g3 Ba6 5.Nbd2 c6 6.Bg2 d5 7.O-O Be7 8.b3 O-O
9.Bb2 Nbd7 10.Rc1 Rc8 11.Ne5 Nxe5 12.dxe5 Nd7 13.Nf3 b5 14.cxd5 cxd5 15.Qd2 b4
16.Bd4 Rxc1 17.Rxc1 Qb8 18.Qe3 Rc8 19.Rxc8+ Qxc8 20.Ne1 Bc5 21.Bxc5  1/2-1/2

[Event "ISR-ch U18"]
[Site "Petah Tiqwa"]
[Date "1997.??.??"]
[Round "7"]
[White "Kunin, Pavel"]
[Black "Bar, Andrey"]
[Result "1/2-1/2"]
[WhiteElo "2125"]
[BlackElo "2055"]

1.d4 Nf6 2.c4 e6 3.Nf3 b6 4.g3 Ba6 5.b3 Bb7 6.Bg2 Bb4+ 7.Bd2 a5 8.O-O O-O
9.Nc3 Ne4 10.Nxe4 Bxe4 11.Bxb4 axb4 12.Qd2 Qe7 13.Qf4 d5 14.Ne5 Bxg2 15.Kxg2 Qd6
16.Nd3 Qxf4 17.gxf4 dxc4 18.bxc4 Nc6 19.d5 Nd4 20.Nxb4 Nxe2  1/2-1/2

[Event "Plzen KB opJ-A"]
[Site "Plzen"]
[Date "1997.??.??"]
[Round "1"]
[White "Johansen, Morten"]
[Black "Kolar, Jelena"]
[Result "1-0"]
[WhiteElo "2240"]
[BlackElo "2085"]

1.d4 Nf6 2.c4 e6 3.Nf3 b6 4.g3 Ba6 5.b3 Bb4+ 6.Bd2 Be7 7.Bg2 c6 8.Bc3 d5
9.cxd5 cxd5 10.Nbd2 Nbd7 11.O-O O-O 12.b4 Rc8 13.Rc1 Rc7 14.Re1 Qc8 15.Qb3 b5
16.Ne5 Nb6 17.Nd3 Nfd7 18.Nc5 Nc4 19.Nxc4 bxc4 20.Qa4 Nxc5 21.dxc5 f5 22.b5 Bb7
23.c6 Ba8 24.Be5 a6 25.Bxc7  1-0

[Event "ESP-chT"]
[Site "Ponferrada"]
[Date "1997.??.??"]
[Round "7"]
[White "Estremera Panos, Sergio"]
[Black "Gomez Esteban, Juan Mario"]
[Result "1/2-1/2"]
[WhiteElo "2430"]
[BlackElo "2490"]

1.d4 Nf6 2.c4 e6 3.Nf3 b6 4.g3 Ba6 5.b3 Bb7 6.Bg2 Bb4+ 7.Bd2 a5 8.O-O O-O
9.Nc3 h6 10.Qc2 Qe7 11.Rfe1 d5 12.Ne5 c5 13.a3 Bxc3 14.Bxc3 dxc4 15.Nxc4 Bxg2
16.Kxg2 Nd5 17.e4 Nxc3 18.Qxc3 b5 19.Ne5 cxd4 20.Qxd4  1/2-1/2

[Event "Pori We PSY"]
[Site "Pori"]
[Date "1997.??.??"]
[Round "3"]
[White "Taivainen, Jukka"]
[Black "Tolonen, Leo Toivovich"]
[Result "0-1"]
[WhiteElo "2295"]
[BlackElo "2330"]

1.d4 Nf6 2.c4 e6 3.Nf3 b6 4.g3 Ba6 5.b3 Bb4+ 6.Bd2 Be7 7.Bg2 c6 8.Bc3 d5
9.Ne5 Nfd7 10.Nxd7 Nxd7 11.Nd2 f5 12.O-O O-O 13.Rc1 Rc8 14.Bb2 b5 15.c5 b4
16.Nf3 Bb5 17.Qd2 a5 18.Qe3 Rf6 19.Ng5 Nf8 20.h4 h6 21.Nh3 Qc7 22.Rc2 Rf7
23.Nf4 Qd7 24.h5 Bf6 25.Nd3 Bxd3 26.Qxd3 Qe8 27.Qa6 Ra8 28.Qd3 Rfa7 29.Bf3 Bg5
30.Bc1 Nh7 31.Kg2 Nf6 32.Rh1 a4 33.Bd2 Bxd2 34.Qxd2 Qb8 35.Rb1 a3 36.Qf4 Kf7
37.Rd2 Re7 38.Rh1 Qe8 39.Rh4 Kg8 40.Rd3 Rd8 41.Rd1 Ne4 42.Bxe4 dxe4 43.e3 Rd5
44.Rhh1 Qd8 45.Rc1 Rb7 46.Rc4 Qg5 47.Kf1 Kf7 48.Ke2 Kf6 49.Qh4 e5 50.Qxg5+ Kxg5
51.dxe5 Rxe5 52.Rd1 Rb5 53.Rd6 Rexc5 54.Rxc6  0-1

[Event "Portoroz op"]
[Site "Portoroz"]
[Date "1997.??.??"]
[Round "?"]
[White "Kragelj, Igor"]
[Black "Brezovar, Matjaz"]
[Result "1-0"]
[WhiteElo "2250"]
[BlackElo "2185"]

1.d4 Nf6 2.c4 e6 3.Nf3 b6 4.g3 Ba6 5.b3 Bb4+ 6.Bd2 Be7 7.Bg2 c6 8.Bc3 d5
9.Ne5 Nfd7 10.Nxd7 Nxd7 11.Nd2 O-O 12.O-O b5 13.Re1 Rc8 14.e4 dxe4 15.Bxe4 Nb6
16.c5 Nd5 17.Qc2 h6 18.Bb2 Re8 19.a3 Rc7 20.Nf3 Bc8 21.Rad1 f5 22.Bd3 Bf6
23.Ne5 Bd7 24.Bf1 Re7 25.Bg2 Be8 26.Bf3 g5 27.Bc3 Rb7 28.Qd2 Rh7 29.Ba5 Qc8
30.Re2 Rbe7 31.Ra1 g4 32.Bg2 Bg5 33.Qe1 h5 34.Rea2 f4 35.Be4 Rhg7 36.a4 b4
37.Bxb4 h4 38.Bd2 hxg3 39.fxg3 f3 40.Qc1 Bxd2 41.Qxd2 Qd8 42.b4 Rb7 43.Rb1 a6
44.Rab2 Nf6 45.Bc2 Nh7 46.Kf1 Ng5 47.Nxg4 Nh3 48.Ne5 Rg5 49.Be4 f2 50.Qe3 Rgg7
51.Nxc6 Qf6 52.Ne5 Rbe7 53.b5 axb5 54.axb5 Ra7 55.b6 Ra3 56.Qxa3 Qh6 57.Qa8 Re7
58.Nc6 Kf8 59.Nxe7 Kxe7  1-0

[Event "Pula op"]
[Site "Pula"]
[Date "1997.??.??"]
[Round "6"]
[White "Giorgadze, Giorgi"]
[Black "Sturua, Zurab"]
[Result "1/2-1/2"]
[WhiteElo "2595"]
[BlackElo "2560"]

1.d4 Nf6 2.c4 e6 3.Nf3 b6 4.g3 Ba6 5.b3 Bb4+ 6.Bd2 Be7 7.Bg2 c6 8.O-O d5
9.Ne5 Nfd7 10.Nxd7 Nxd7 11.Bc3 O-O 12.Nd2 Rc8 13.Bb2  1/2-1/2

[Event "EU-chT (Men)"]
[Site "Pula"]
[Date "1997.??.??"]
[Round "7"]
[White "Manninen, Marko"]
[Black "Felsberger, Alfred"]
[Result "1-0"]
[WhiteElo "2380"]
[BlackElo "2395"]

1.d4 Nf6 2.c4 e6 3.Nf3 b6 4.g3 Ba6 5.Nbd2 Bb7 6.Bg2 c5 7.d5 exd5 8.Nh4 b5
9.cxd5 d6 10.O-O Bxd5 11.Bxd5 Nxd5 12.Ne4 Nb6 13.Nc3 Qd7 14.e4 Na6 15.a4 b4
16.a5 Nc8 17.Nd5 Ne7 18.Bg5 Nxd5 19.exd5 f6 20.Bxf6 gxf6 21.Qe2+ Be7 22.Qxa6 O-O
23.Ng2 f5 24.Nf4 Bf6 25.Qe2 Rfe8 26.Ne6 Qb7 27.Rad1 Bd4 28.Qd2 Qxd5 29.Nxd4 Qxd4
30.Qxd4 cxd4 31.Rxd4 Re2 32.Rxb4 Rc8 33.Rb7 Rcc2 34.b4 d5 35.Rxa7 d4 36.Rd7 Rc4
37.a6  1-0

[Event "EU-chT (Men)"]
[Site "Pula"]
[Date "1997.??.??"]
[Round "8"]
[White "Atalik, Suat"]
[Black "Stanec, Nikolaus"]
[Result "1-0"]
[WhiteElo "2555"]
[BlackElo "2460"]

1.d4 Nf6 2.c4 e6 3.Nf3 b6 4.g3 Ba6 5.b3 Bb4+ 6.Bd2 Be7 7.Nc3 d5 8.cxd5 exd5
9.Bg2 O-O 10.O-O c6 11.Ne5 Nfd7 12.Ng4 Nf6 13.Ne5 Nfd7 14.Ng4 Nf6 15.Nxf6+ Bxf6
16.Bf4 Nd7 17.Re1 Nc5 18.b4 Ne6 19.Be5 Bc4 20.Bxf6 Qxf6 21.e3 Rfd8 22.Na4 Qe7
23.Qd2 Ng5 24.Nb2 b5 25.e4 Nxe4 26.Bxe4 dxe4 27.Nxc4 bxc4 28.Rac1 Qe6 29.Qc3 Qd5
30.Qxc4 Rac8 31.Qxd5 cxd5 32.Rc5 Rxc5 33.bxc5 Rb8 34.Re3 g6 35.f3 Rb1+ 36.Kf2 Rb2+
37.Ke1 Rb1+ 38.Kd2 exf3 39.Rxf3 Rb2+ 40.Kc3 Rxa2 41.Kb4 Rxh2 42.Ka5 Kf8 43.Re3 Rd2
44.Ka6 Rxd4 45.c6 Rc4 46.Kb7 d4 47.Re5 f6 48.Re4 f5 49.Re5 Rb4+ 50.Kxa7 Rc4
51.Kb7 Rb4+ 52.Kc8 d3 53.Rd5 Ke7 54.Rxd3 h5 55.Rd7+ Ke6 56.c7 h4 57.Kd8 Rc4
58.gxh4 f4 59.c8=Q Rxc8+ 60.Kxc8 Kf5 61.Rf7+ Kg4  1-0

[Event "EU-chT (Men)"]
[Site "Pula"]
[Date "1997.??.??"]
[Round "8"]
[White "Dautov, Rustem"]
[Black "Palac, Mladen"]
[Result "1/2-1/2"]
[WhiteElo "2590"]
[BlackElo "2595"]

1.d4 Nf6 2.c4 e6 3.Nf3 b6 4.g3 Ba6 5.b3 Bb4+ 6.Bd2 Be7 7.Bg2 c6 8.Bc3 d5
9.Ne5 Nfd7 10.Nxd7 Nxd7 11.Nd2 O-O 12.O-O Rc8 13.e4 b5 14.Re1 dxc4 15.bxc4 bxc4
16.Qc2 Re8 17.Rad1 Nb6 18.a4 c5 19.d5 exd5 20.exd5 Qd7 21.a5 Na4 22.Ba1 c3
23.Ne4 Bb5 24.Nxc3 Nxc3 25.Qxc3 Bf6 26.Qa3 Be2 27.Rd2 Bd3 28.Rxe8+ Rxe8 29.Rd1 Bxa1
30.Qxd3 Bd4 31.Rb1 g6 32.Bf3 Qc7 33.Qb5 Rd8 34.a6 c4 35.Qc6 Rc8 36.Qxc7 Rxc7
37.Kf1 c3 38.Rc1 Kf8 39.Ke2 Ke7 40.Kd3 Bxf2 41.Rxc3  1/2-1/2

[Event "Schwaebisch Gmuend op"]
[Site "Schwaebisch Gmuend"]
[Date "1997.??.??"]
[Round "7"]
[White "Doettling, Fabian"]
[Black "Heinrich, A."]
[Result "1-0"]
[WhiteElo "2300"]
[BlackElo "2025"]

1.d4 Nf6 2.c4 e6 3.Nf3 b6 4.g3 Ba6 5.b3 d5 6.Bg2 dxc4 7.Ne5 Bb4+ 8.Kf1 Bd6
9.Nxc4 Nd5 10.Bf3 f5 11.Kg2 Bb7 12.Qd2 Nd7 13.Nxd6+ cxd6 14.Nc3 N7f6 15.Nxd5 Bxd5
16.Ba3 Qd7 17.Rac1 Ke7 18.Bxd5 Nxd5 19.f3 Nf6 20.Rc2 Rhc8 21.Rhc1 h6 22.Bxd6+ Kxd6
23.Qf4+ Ke7 24.Rc7 Nd5 25.Rxd7+ Kxd7 26.Qd2 Rxc1 27.Qxc1 Rc8 28.Qa3 a5 29.e4 Rc2+
30.Kh3 fxe4 31.fxe4 Nc3 32.Qf8 Rxa2 33.Qxg7+ Kd6 34.Qe5+ Kd7 35.d5  1-0

[Event "Schwaebisch Gmuend op"]
[Site "Schwaebisch Gmuend"]
[Date "1997.??.??"]
[Round "8"]
[White "Ikonnikov, Vyacheslav"]
[Black "Jurek, Josef"]
[Result "1-0"]
[WhiteElo "2540"]
[BlackElo "2380"]

1.d4 Nf6 2.Nf3 e6 3.c4 b6 4.g3 Ba6 5.Qa4 Bb7 6.Bg2 c5 7.dxc5 bxc5 8.Nc3 Be7
9.O-O O-O 10.Rd1 Qb6 11.Bf4 Rd8 12.Rd2 d5 13.cxd5 exd5 14.e3 Nc6 15.Ne5 g5
16.Nxf7 Kxf7 17.Bxg5 Nb4 18.a3 d4 19.axb4 dxc3 20.Rxd8 cxb2 21.Rxa8 Bxg2
22.Rxa7 bxa1=Q+ 23.Qxa1 Bb7 24.bxc5 Qc6 25.Rxb7 Qxb7 26.Bxf6 Bxf6 27.Qa2+ Ke7
28.Qc2 Kd8 29.Qf5 Qe7 30.Kg2 h6 31.h4 Bg7 32.Qd5+ Kc7 33.e4 Bf8 34.c6 Qd6
35.f4 Be7 36.Kf3 Qxc6 37.Qxc6+ Kxc6 38.Kg4 Kc5 39.Kh5 Kd4 40.e5 Ke4 41.Kxh6 Kf5
42.Kg7  1-0

[Event "RUS-ch Armed Forces"]
[Site "Sevastopol"]
[Date "1997.??.??"]
[Round "7"]
[White "Kiselev, Sergey"]
[Black "Belikov, Vladimir"]
[Result "1-0"]
[WhiteElo "2485"]
[BlackElo "2500"]

1.d4 Nf6 2.Nf3 e6 3.c4 b6 4.g3 Ba6 5.b3 Bb4+ 6.Bd2 Be7 7.Bg2 c6 8.Bc3 d5
9.Nbd2 Nbd7 10.Rc1 O-O 11.O-O Rc8 12.Rc2 c5 13.a4 Rc7 14.Qa1 Qb8 15.Rfc1 Rfc8
16.dxc5 bxc5 17.e3 Bf8 18.Ne5 Bb7 19.a5 a6 20.Bb2 Rd8 21.Qa4 Rcc8 22.Nxd7 Nxd7
23.cxd5 exd5 24.Qg4 Ne5 25.Qf5 Ng6 26.h4 Ne7 27.Qg4 Qc7 28.h5 h6 29.Rxc5 Qxc5
30.Rxc5 Rxc5 31.Nf3 Bc8 32.Qf4 Rc2 33.Ba3 Nc6 34.Bxf8 Rxf8 35.g4 Nxa5 36.g5 Rc1+
37.Kh2 hxg5 38.Qxg5 Kh7 39.Qxd5 Nc6 40.Ng5+ Kg8 41.Qd3 f5 42.Bxc6  1-0

[Event "RUS-ch Armed Forces"]
[Site "Sevastopol"]
[Date "1997.??.??"]
[Round "8"]
[White "Vyzmanavin, Alexey"]
[Black "Kiselev, Sergey"]
[Result "1/2-1/2"]
[WhiteElo "2585"]
[BlackElo "2485"]

1.d4 Nf6 2.c4 e6 3.Nf3 b6 4.g3 Ba6 5.b3 Bb4+ 6.Bd2 Be7 7.Bc3 c6 8.Bg2 d5
9.Ne5 Ne4 10.O-O Nxc3 11.Nxc3 O-O  1/2-1/2

[Event "UKR-ch20"]
[Site "Simferopol"]
[Date "1997.??.??"]
[Round "7"]
[White "Ovsejevitsch, Sergei"]
[Black "Malakhatko, Vadim"]
[Result "1-0"]
[WhiteElo "2445"]
[BlackElo "2405"]

1.d4 Nf6 2.Nf3 e6 3.c4 b6 4.g3 Ba6 5.b3 b5 6.Bg2 d5 7.cxd5 Nxd5 8.O-O Be7
9.e4 Nb6 10.Ne5 O-O 11.Be3 Bb7 12.Qe2 N6d7 13.Nxd7 Qxd7 14.Rd1 a6 15.Nc3 Bb4
16.Qb2 Rc8 17.a3 Be7 18.Bh3 Qe8 19.d5 Bf6 20.f4 exd5 21.Bxc8 Bxc8 22.Bd4 Bxd4+
23.Rxd4 dxe4 24.Rxe4 Qf8 25.Rae1 Bd7 26.Qd2 h6 27.Re7 Bc6 28.Nd5 Nd7 29.Rxd7 Qc5+
30.Kf1 Bxd7 31.Ne7+ Kh8 32.Qxd7 Qxa3 33.Nc8 Qxb3 34.Qe8+ Kh7 35.Qe4+  1-0